Представление документа в формате MARC21

ПолеНазваниеЗначение
  Тип записи a
  Библиографический уровень m
001 Контрольный номер RU\infra-m\znanium\bibl\2218853
005 Дата корректировки 20260429142259.1
008 Кодируемые данные 260421s2026 RU g rus u
020 Индекс ISBN __
a ISBN 978-5-16-011822-2
020 Индекс ISBN __
a ISBN 978-5-16-104114-7 (электр. издание)
040 Источник каталогиз. __
a Служба первич. каталог. Общество с ограниченной ответственностью «ЗНАНИУМ»
041 Код языка издания __
a Код языка текста rus
044 Код страны публикации __
a Код страны публикации RU
080 Индекс УДК __
a Индекс УДК 620.19(075.8)
084 Индекс другой классификации/Индекс ББК __
2 Источник индекса rubbk
a Индекс другой классификации/Индекс ББК 34.66я73
084 Индекс другой классификации/Индекс ББК __
2 Источник индекса okso
a Индекс другой классификации/Индекс ББК 20.03.01
084 Индекс другой классификации/Индекс ББК __
2 Источник индекса okso
a Индекс другой классификации/Индекс ББК 20.04.01
084 Индекс другой классификации/Индекс ББК __
2 Источник индекса okso
a Индекс другой классификации/Индекс ББК 22.03.01
084 Индекс другой классификации/Индекс ББК __
2 Источник индекса okso
a Индекс другой классификации/Индекс ББК 22.03.02
084 Индекс другой классификации/Индекс ББК __
2 Источник индекса okso
a Индекс другой классификации/Индекс ББК 22.04.01
084 Индекс другой классификации/Индекс ББК __
2 Источник индекса okso
a Индекс другой классификации/Индекс ББК 22.04.02
100 Автор __
a Автор Хохлачева Н.М.
q Полное имя Хохлачева Нина Матвеевна
u Дополнение Московский авиационный институт (национальный исследовательский университет)
245 Заглавие __
a Заглавие Коррозия металлов и средства защиты от коррозии
b Продолж. заглавия Учебное пособие
c Ответственность Московский авиационный институт (национальный исследовательский университет)
250 Сведения об издании __
a Основные сведения об издании 1
260 Выходные данные __
a Место издания Москва
b Издательство ООО "Научно-издательский центр ИНФРА-М"
c Дата издания 2026
300 Физическое описание __
a Объем 118 с.
440 Серия __
a Серия Высшее образование: Бакалавриат (МАТИ-МАИ)
520 Аннотация __
a Аннотация В настоящем учебном пособии изложены теоретические основы электрохимической и химической коррозии металлов и сплавов. Рассмотрены виды коррозии коррозионные характеристики металлов и сплавов в компактном и дисперсном состоянии приведены методы защиты металлов и сплавов от коррозии в различных условиях эксплуатации. Соответствует требованиям Федерального государственного образовательного стандарта высшего образования последнего поколения. Книга рекомендуется студентам высших учебных заведений технического профиля.
521 Примеч. о цел. назн. __
a Примеч. о целев. назн. ВО - Бакалавриат
650 Тематические рубрики __
a Основная рубрика Общетехнические дисциплины
x Основная подрубрика Материаловедение
655 Указ. предметных рубрик (устаревшее) __
a Жанр/ форма (устаревшее) Учебное пособие
700 Другие авторы __
a Другие авторы Ряховская Е.В.
q Полное имя Ряховская Елена Викторовна
700 Другие авторы __
a Другие авторы Романова Т.Г.
q Полное имя Романова Татьяна Геннадьевна
856 Электронный адрес документа 4_
a Имя сервера/домена znanium.ru
m Помощь ebs_support@infra-m.ru
n Местонахождение сервера НИЦ ИНФРА-М
u URL https://znanium.ru/catalog/document?id=476857
856 Электронный адрес документа 48
a Имя сервера/домена znanium.ru
d Путь /cover/2218
f Электронное имя 2218853.jpg
q Тип электронного формата image/jpeg
u URL https://znanium.ru/cover/2218/2218853.jpg
911 __
u 0030=https://znanium.ru/catalog/document?id=476857